000 00558nam a2200205Ia 4500
005 20250508164422.0
008 008 250505s9999 xx 000 0 eng d
020 _a978-0-7619-3383-0
037 _aTextBook
040 _aFEDL
_beng
_cFEDL
041 _aeng
_2eng
084 _a001.42, KUL/R
_qFEDL
100 _aKultar Singh
_9778081
245 0 _aQuantitative social research methods
260 _aNew Delhi, India
_bSage
_c2007
300 _a431p.
365 _aINR
_b595
942 _cTB
_h001.42, KUL/R
999 _c1389033
_d1389033